000 01248nam0a22002411 4500
001 rc\3318015
005 20250609175638.0
035 _a(NLR Aleph) 007418261
090 _a6888410
_c6888410
100 _a20130115d1974 |||y0rusy50 ca
101 0 _arus
102 _aRU
105 _aa z |||||
200 1 _aИзучение экономики производства и разработка технико-экономических вопросов промышленности химических волокон
_eОтчет по теме
_fОтв. исполнитель Перелыгина С.С. [и др.]
_gВсесоюз. науч.-исслед. ин-т искусств. волокна
_iРаздел: Обзор технико-экономических показателей работы заводов и промышленности химических волокон в целом за 1973 г.
210 _aМытищи
_cБ. и.
_d1974
215 _a181 с.
_cтабл.
_d20
333 _aДля служебного пользования. Экз. № 170
702 1 _aПерелыгина
_bС.С.
_4340
801 0 _aRU
_bNLR
_gpsbo
801 1 _aRU
_bELAR
_2rusmarc
852 _aNLR
_j74-50К/4534
942 _cBOOK
980 _aNB